Logo BPK

Biblioteka

Politechniki Koszalińskiej

Nowy słownik angielsko-polski, polsko-angielski / (Rekord nr 38504)

Szczegóły MARC
000 -ETYKIETA REKORDU
podpole kontrolne o stałej długości 00802nam a2200253 i 4500
001 - NUMER KONTROLNY REKORDU
pole kontrolne bg
020 ## - MIĘDZYNARODOWY ZNORMALIZOWANY NUMER KSIĄŻKI - ISBN
ISBN 8371566395
040 ## - ŹRÓDŁO KATALOGOWANIA
Instytucja, która utworzyła rekord BPK
041 0# - KOD JĘZYKA
Kod języka tekstu enpl
080 ## - UNIWERSALNA KLASYFIKACJA DZIESIĘTNA - UKD
UKD 811.111:811.162.1]'374
920 ## - Międzynarodowy znormalizowany numer książki – ISBN
ISBN 83-7156-639-5
008 - POLE O STAŁEJ DŁUGOŚCI - DANE KONTROLNE
podpole kontrolne o stałej długości s pl f |000 0 pol
100 1# - NAZWA OSOBOWA
Nazwa osobowa PIOTROWSKI, Tadeusz.
245 00 - TYTUŁ/ODPOWIEDZIALNOŚĆ
Tytuł Nowy słownik angielsko-polski, polsko-angielski /
Pozostałe elementy strefy tytułu i oznaczenia odpowiedzialności Tadeusz Piotrowski, Zygmunt Saloni.
246 11 - WARIANT TYTUŁU
Tytuł New English-Polish, Polish-English dictionary
250 ## - STREFA WYDANIA
Oznaczenie wydania Wyd. 2 popr. i znacznie rozsz.
260 ## - STREFA ADRESU WYDAWNICZEGO
Miejsce wydania Warszawa :
Nazwa wydawcy/dystrybutora "Wilga",
Data publikacji, dystrybucji/powstania dokumentu 2000.
300 ## - STREFA OPISU FIZYCZNEGO
Objętość 792 s. ;
Rozmiary 17 cm.
500 ## - UWAGI OGÓLNE
Tekst uwagi Tyt. równol. : New English-Polish, Polish-English dictionary.
650 #9 - HASŁO PRZEDMIOTOWE W FORMIE NAZWY OGÓLNEJ LUB JEDNOSTKOWEJ
Nazwa ogólna lub geograficzna Słownik angielsko-polski
650 #9 - HASŁO PRZEDMIOTOWE W FORMIE NAZWY OGÓLNEJ LUB JEDNOSTKOWEJ
Nazwa ogólna lub geograficzna Słownik polsko-angielski
700 1# - HASŁO DODATKOWE - NAZWA OSOBOWA
Nazwa osobowa SALONI, Zygmunt.
942 ## - DODATKOWE ELEMENTY (KOHA)
Typ dokumentu Książka
Egzemplarze
Wycofany Status egzemplarza Uszkodzony Dostępność Lokalizacja stała Lokalizacja bieżąca Miejsce przechowywania Sygnatura Kod kreskowy Dział Typ dokumentu
      Tylko na miejscu Biblioteka Politechniki Koszalińskiej Biblioteka Politechniki Koszalińskiej Czytelnia BG 56114 01520958 8 Językoznawstwo Książka
      Tylko na miejscu Biblioteka Politechniki Koszalińskiej Biblioteka Politechniki Koszalińskiej Czytelnia Wydziałowa ul. Kwiatkowskiego 6e 56118 01520996 811.111(03) Język angielski - encyklopedie, słowniki Książka
      Tylko na miejscu Czytelnia Wydziału Elektroniki i Informatyki, Wydziału Architektury i Wzornictwa, Wydziału Inżynierii Mechanicznej i Energetyki oraz Wydziału Inżynierii Lądowej, Środowiska i Geodezji Czytelnia Wydziału Elektroniki i Informatyki, Wydziału Architektury i Wzornictwa, Wydziału Inżynierii Mechanicznej i Energetyki oraz Wydziału Inżynierii Lądowej, Środowiska i Geodezji Czytelnia Wydziałowa ul. Śniadeckich 2 56117 01520989 811.111 J. angielski Książka
© 2023 Biblioteka Politechniki Koszalińskiej :: KOHA